<?xml version="1.0" encoding="UTF-8"?><?xml-stylesheet type="text/xsl" href="static/style.xsl"?><OAI-PMH xmlns="http://www.openarchives.org/OAI/2.0/" xmlns:xsi="http://www.w3.org/2001/XMLSchema-instance" xsi:schemaLocation="http://www.openarchives.org/OAI/2.0/ http://www.openarchives.org/OAI/2.0/OAI-PMH.xsd"><responseDate>2026-04-13T13:16:23Z</responseDate><request verb="GetRecord" identifier="oai:www.recercat.cat:2072/443476" metadataPrefix="marc">https://recercat.cat/oai/request</request><GetRecord><record><header><identifier>oai:recercat.cat:2072/443476</identifier><datestamp>2024-12-23T18:40:15Z</datestamp><setSpec>com_2072_352786</setSpec><setSpec>com_2072_351515</setSpec><setSpec>com_2072_1741</setSpec><setSpec>col_2072_352788</setSpec></header><metadata><record xmlns="http://www.loc.gov/MARC21/slim" xmlns:dcterms="http://purl.org/dc/terms/" xmlns:xsi="http://www.w3.org/2001/XMLSchema-instance" xmlns:doc="http://www.lyncode.com/xoai" xsi:schemaLocation="http://www.loc.gov/MARC21/slim http://www.loc.gov/standards/marcxml/schema/MARC21slim.xsd">
   <leader>00925njm 22002777a 4500</leader>
   <datafield ind2=" " ind1=" " tag="042">
      <subfield code="a">dc</subfield>
   </datafield>
   <datafield ind2=" " ind1=" " tag="720">
      <subfield code="a">Navalpotro, Helena</subfield>
      <subfield code="e">author</subfield>
   </datafield>
   <datafield ind2=" " ind1=" " tag="720">
      <subfield code="a">Mazzoni, Daniele</subfield>
      <subfield code="e">author</subfield>
   </datafield>
   <datafield ind2=" " ind1=" " tag="720">
      <subfield code="a">Senar, Juan Carlos</subfield>
      <subfield code="e">author</subfield>
   </datafield>
   <datafield ind2=" " ind1=" " tag="260">
      <subfield code="c">2021-02-12</subfield>
   </datafield>
   <datafield ind2=" " ind1=" " tag="520">
      <subfield code="a">Several devices have been designed to prevent predation in nest boxes by mammals and birds. Although snakes are one of the most common predators in cavity–nesters, they have always been difficult to deter. Here we tested a method originally designed to avoid predation by tree–climbing mammals. To prevent snakes from climbing trees and predating on nest boxes, we wrapped a transparent acetate sheet of 80 cm high around tree trunks below a sample of 40 nest boxes used by tits. The acetate sheets were secured with duct tape. The remaining nest boxes (N = 74) in the study area were left as controls. The predation rate in the experimental nest boxes was 20 % and 2 % in control boxes. This method can be useful to increase bird breeding success, improving both the effectiveness of resources to obtain scientific data and the breeding success of endangered species.</subfield>
   </datafield>
   <datafield ind1="8" ind2=" " tag="024">
      <subfield code="a">http://hdl.handle.net/2072/443476</subfield>
   </datafield>
   <datafield ind1="8" ind2=" " tag="024">
      <subfield code="a">https://doi.org/10.32800/abc.2021.44.0103</subfield>
   </datafield>
   <datafield ind2="0" ind1="0" tag="245">
      <subfield code="a">A plastic device fixed around trees can deter snakes from predating bird nest boxes</subfield>
   </datafield>
</record></metadata></record></GetRecord></OAI-PMH>